<?xml version="1.0" encoding="UTF-8"?>
<collection xmlns="http://www.loc.gov/MARC21/slim">
<record>
  <controlfield tag="001">170971</controlfield>
  <controlfield tag="005">20260430151736.0</controlfield>
  <datafield tag="024" ind1="7" ind2=" ">
    <subfield code="2">doi</subfield>
    <subfield code="a">10.1007/s10096-026-05478-5</subfield>
  </datafield>
  <datafield tag="024" ind1="8" ind2=" ">
    <subfield code="2">sideral</subfield>
    <subfield code="a">149001</subfield>
  </datafield>
  <datafield tag="037" ind1=" " ind2=" ">
    <subfield code="a">ART-2026-149001</subfield>
  </datafield>
  <datafield tag="041" ind1=" " ind2=" ">
    <subfield code="a">eng</subfield>
  </datafield>
  <datafield tag="100" ind1=" " ind2=" ">
    <subfield code="a">Riesgo-Magaña, María</subfield>
  </datafield>
  <datafield tag="245" ind1=" " ind2=" ">
    <subfield code="a">Clonal dissemination and plasmid plasticity of KPC-3–producing Klebsiella pneumoniae ST512 during a hospital outbreak in Spain</subfield>
  </datafield>
  <datafield tag="260" ind1=" " ind2=" ">
    <subfield code="c">2026</subfield>
  </datafield>
  <datafield tag="520" ind1="3" ind2=" ">
    <subfield code="a">Purpose

To describe the first outbreak of KPC-3-producing Klebsiella pneumoniae ST512 in Aragón, Spain, and characterize its clinical, microbiological, and genomic features, including plasmid dynamics, resistance mechanisms, and phylogenetic context.
Methods

Between July 2022 and July 2024, 130 KPC-3-producing K. pneumoniae isolates were recovered from 33 patients during an outbreak at a tertiary-care hospital in Zaragoza. Antimicrobial susceptibility testing and whole-genome sequencing were performed. Phylogenomic (SNP and cgMLST) and plasmid analyses defined clonal relatedness and plasmid structures. Comparative genomics with 985 international ST512/KPC-3 genomes determined phylogeographic relationships.
Results

Most cases (84.6%) were detected through active surveillance. All the isolates were resistant to β-lactams, ceftolozane/tazobactam, tobramycin and amikacin, while 64.4% remained susceptible to gentamicin. All the isolates were susceptible to cefiderocol, colistin, and tigecycline. One ceftazidime/avibactam-resistant isolate carrying blaKPC−70 emerged after prolonged therapy. Genomic analysis confirmed a clonal outbreak of Klebsiella pneumoniae ST512 (≤ 16 SNPs; ≤13 cgMLST allelic differences). Phylogenetic comparison showed that the isolates were genetically close to those from Italy and central Spain. All isolates carried blaKPC−3 within Tn4401b. Three blaKPC−3 plasmid structures were identified: an IncFII(K) plasmid (pHCUKPC3), a ColEST258 variant, and a novel cointegrate plasmid (pHCUKPC3co). The virulence-associated factors identified included yersiniabactin (ybt10/ICEKp4), KL107 capsular type, and O2afg O-antigen.
Conclusion

This study documents the wider dissemination of ST512/KPC-3 as a high-risk clone in Spain, characterized by persistence driven by clonal dissemination, selective pressure, and plasmid plasticity. Our findings highlight the need to integrate genomic and plasmidomic surveillance to anticipate resistance evolution and contain high-risk clones.</subfield>
  </datafield>
  <datafield tag="506" ind1="0" ind2=" ">
    <subfield code="a">Access copy available to the general public</subfield>
    <subfield code="f">Unrestricted</subfield>
  </datafield>
  <datafield tag="536" ind1=" " ind2=" ">
    <subfield code="9">info:eu-repo/grantAgreement/ES/ISCIII/CB21-13-00054</subfield>
    <subfield code="9">info:eu-repo/grantAgreement/ES/ISCIII/CB21-13-00087</subfield>
  </datafield>
  <datafield tag="540" ind1=" " ind2=" ">
    <subfield code="9">info:eu-repo/semantics/openAccess</subfield>
    <subfield code="a">by</subfield>
    <subfield code="u">https://creativecommons.org/licenses/by/4.0/deed.es</subfield>
  </datafield>
  <datafield tag="655" ind1=" " ind2="4">
    <subfield code="a">info:eu-repo/semantics/article</subfield>
    <subfield code="v">info:eu-repo/semantics/publishedVersion</subfield>
  </datafield>
  <datafield tag="700" ind1=" " ind2=" ">
    <subfield code="a">Moreno-Mingorance, Albert</subfield>
  </datafield>
  <datafield tag="700" ind1=" " ind2=" ">
    <subfield code="a">Bueno, Jessica</subfield>
    <subfield code="u">Universidad de Zaragoza</subfield>
  </datafield>
  <datafield tag="700" ind1=" " ind2=" ">
    <subfield code="a">Arnal, Sara</subfield>
  </datafield>
  <datafield tag="700" ind1=" " ind2=" ">
    <subfield code="a">Alvarado, Elena</subfield>
  </datafield>
  <datafield tag="700" ind1=" " ind2=" ">
    <subfield code="a">González-López, Juan José</subfield>
  </datafield>
  <datafield tag="700" ind1=" " ind2=" ">
    <subfield code="a">Seral, Cristina</subfield>
    <subfield code="u">Universidad de Zaragoza</subfield>
    <subfield code="0">(orcid)0000-0002-9742-1463</subfield>
  </datafield>
  <datafield tag="710" ind1="2" ind2=" ">
    <subfield code="1">1011</subfield>
    <subfield code="2">630</subfield>
    <subfield code="a">Universidad de Zaragoza</subfield>
    <subfield code="b">Dpto. Microb.Ped.Radio.Sal.Pú.</subfield>
    <subfield code="c">Área Microbiología</subfield>
  </datafield>
  <datafield tag="773" ind1=" " ind2=" ">
    <subfield code="g">(2026), [14 pp.]</subfield>
    <subfield code="p">Eur. j. clin. microbiol. infect. dis.</subfield>
    <subfield code="t">EUROPEAN JOURNAL OF CLINICAL MICROBIOLOGY &amp; INFECTIOUS DISEASES</subfield>
    <subfield code="x">0934-9723</subfield>
  </datafield>
  <datafield tag="856" ind1="4" ind2=" ">
    <subfield code="s">1673692</subfield>
    <subfield code="u">http://zaguan.unizar.es/record/170971/files/texto_completo.pdf</subfield>
    <subfield code="y">Versión publicada</subfield>
  </datafield>
  <datafield tag="856" ind1="4" ind2=" ">
    <subfield code="s">2123936</subfield>
    <subfield code="u">http://zaguan.unizar.es/record/170971/files/texto_completo.jpg?subformat=icon</subfield>
    <subfield code="x">icon</subfield>
    <subfield code="y">Versión publicada</subfield>
  </datafield>
  <datafield tag="909" ind1="C" ind2="O">
    <subfield code="o">oai:zaguan.unizar.es:170971</subfield>
    <subfield code="p">articulos</subfield>
    <subfield code="p">driver</subfield>
  </datafield>
  <datafield tag="951" ind1=" " ind2=" ">
    <subfield code="a">2026-04-30-13:58:09</subfield>
  </datafield>
  <datafield tag="980" ind1=" " ind2=" ">
    <subfield code="a">ARTICLE</subfield>
  </datafield>
</record>
</collection>